Education and society in Latin America = Educación y sociedad en América Latina /
Guardado en:
| Autor principal: | |
|---|---|
| Formato: | Desconocido |
| Lenguaje: | English |
| Publicado: |
Pittsburgh, Pa :
University of Pittsburgh Press,
1993.
|
| Materias: | |
| Etiquetas: |
Agregar Etiqueta
Sin Etiquetas, Sea el primero en etiquetar este registro!
|
MARC
| LEADER | 000000000a22000000004500 | ||
|---|---|---|---|
| 001 | 014277 | ||
| 020 | |a 0822961008 | ||
| 041 | 0 | |a eng | |
| 082 | 0 | 4 | |a 370.19 |b A339e |
| 100 | 1 | |a Albornoz, Orlando, |d 1932- | |
| 245 | 1 | 0 | |a Education and society in Latin America = |b Educación y sociedad en América Latina / |c Orlando Albornoz. |
| 246 | 3 | 1 | |a Educación y sociedad en América Latina |
| 260 | 1 | |a Pittsburgh, Pa : |b University of Pittsburgh Press, |c 1993. | |
| 300 | |a 185 páginas | ||
| 650 | 4 | |a EDUCACION | |
| 650 | 4 | |a ASPECTOS SOCIALES | |
| 650 | 4 | |a AMERICA LATINA | |
| 500 | |a Colección George Yúdice | ||
| 999 | |c 20171 |d 20171 | ||
| 942 | |c BK |h 370.19 A339e |2 z | ||



